Indian Pharmacopoeia 2018 Vol.3 (Record no. 8675)
[ view plain ]
| 000 -LEADER | |
|---|---|
| fixed length control field | 00424nam a22001577a 4500 |
| 003 - CONTROL NUMBER IDENTIFIER | |
| control field | OSt |
| 008 - FIXED-LENGTH DATA ELEMENTS--GENERAL INFORMATION | |
| fixed length control field | 200702b ||||| |||| 00| 0 eng d |
| 020 ## - INTERNATIONAL STANDARD BOOK NUMBER | |
| International Standard Book Number | 9789381238196 |
| 100 ## - MAIN ENTRY--PERSONAL NAME | |
| Personal name | Indian Pharmacopoeia Commission |
| 245 ## - TITLE STATEMENT | |
| Title | Indian Pharmacopoeia 2018 Vol.3 |
| 250 ## - EDITION STATEMENT | |
| Edition statement | 8th |
| 260 ## - PUBLICATION, DISTRIBUTION, ETC. (IMPRINT) | |
| Place of publication, distribution, etc | Ghaziabad |
| Name of publisher, distributor, etc | Indian Pharmacopoeia Commission |
| Date of publication, distribution, etc | 2018 |
| 310 ## - CURRENT PUBLICATION FREQUENCY | |
| Current publication frequency | 2659-4143 |
| 650 ## - SUBJECT ADDED ENTRY--TOPICAL TERM | |
| Topical term or geographic name as entry element | Pharmacy General Books |
| 942 ## - ADDED ENTRY ELEMENTS (KOHA) | |
| Source of classification or shelving scheme | Dewey Decimal Classification |
| Koha item type | Reference Books |
| Withdrawn status | Lost status | Source of classification or shelving scheme | Damaged status | Not for loan | Collection code | Home library | Current library | Date acquired | Source of acquisition | Currency | Cost, normal purchase price | Bill Number | Total Checkouts | Full call number | Acc. no. / Barcode | Date last seen | Actual Cost, discounted price | Bill Date | Koha item type |
|---|---|---|---|---|---|---|---|---|---|---|---|---|---|---|---|---|---|---|---|
| Dewey Decimal Classification | B.Pharma | PIET C-LIBRARY | PIET C-LIBRARY | 11/01/2020 | Kirti Praskshan | IN Rupees | 13125.00 | IN5980 | 615.11 IND | BP588 | 02/07/2020 | 13125.00 | 11/01/2020 | Reference Books |